000 00667nam a2200229 a 4500
999 _c401
_d401
003 BD-JhCC
005 20171004175755.0
008 171004s1952 as ||||| |||| 00| 0 eng d
035 _a(BD-JhCC)
040 _aBD-JhCC
_dBD-JhCC
041 _aeng
082 _222
_a808.06
_bRAY 1944
100 _aW. Short ,Raymond
245 _aSubjects and sources for Research writing /
_cRaymond W. Short : Robert DeMaria ,
260 _aAmerica ,
_bThe united states of America ,
_c1944
300 _a202p. ;
_c22cm.
650 _aReport Writing
_zEducation research
700 _aW. Short ,Raymond
700 _aDeMaria ,Robert
942 _2ddc
_cBK